Создание оптимальной системы депозитарного хранения книжных фондов: сборник научных трудов

التفاصيل البيبلوغرافية
مؤلف مشترك: Академия наук СССР (АН СССР) Сибирское отделение (СО) Государственная публичная научно-техническая библиотека (ГПНТБ)
مؤلفون آخرون: Демидова М. И. (составитель)
الملخص:Исключено из фонда НТБ ТПУ
اللغة:الروسية
منشور في: Новосибирск, Изд-во ГПНТБ СО АН СССР, 1987
التنسيق: كتاب
KOHA link:https://koha.lib.tpu.ru/cgi-bin/koha/opac-detail.pl?biblionumber=257453

MARC

LEADER 00000nam0a2200000 4500
001 257453
005 20231031215902.0
035 |a (RuTPU)RU\TPU\book\280252 
090 |a 257453 
100 |a 20140416d1987 k y0rusy50 ca 
101 0 |a rus 
102 |a RU 
105 |a y z 001zy 
200 1 |a Создание оптимальной системы депозитарного хранения книжных фондов  |e сборник научных трудов  |f Академия наук СССР (АН СССР), Сибирское отделение (СО), Государственная публичная научно-техническая библиотека (ГПНТБ) ; сост. М. И. Демидова 
210 |a Новосибирск  |c Изд-во ГПНТБ СО АН СССР  |d 1987 
215 |a 170 с. 
333 |a Исключено из фонда НТБ ТПУ 
702 1 |a Демидова  |b М. И.  |4 220 
712 0 2 |a Академия наук СССР (АН СССР)  |b Сибирское отделение (СО)  |b Государственная публичная научно-техническая библиотека (ГПНТБ)  |c (Новосибирск) 
801 1 |a RU  |b 63413507  |c 20140416 
801 2 |a RU  |b 63413507  |c 20220309  |g RCR 
942 |c BK